00000000nam 2200000zi 4500
0019.913615
003CaOODSP
00520230816160528
006m     o  d f      
007cr |n|||||||||
008220720t20222022onca    o    f000 0 fre d
020 |a9780660446769
040 |aCaOODSP|bfre|erda|cCaOODSP
043 |an-cn---
0861 |aH114-48/2022F-PDF
24500|aPrécautions importantes à l’intention des peintres professionnels.
264 1|a[Ottawa] : |bSanté Canada = Health Canada, |c[2022]
264 4|c©2022
300 |a1 ressource en ligne (1 page) : |billustrations
336 |atexte|btxt|2rdacontent/fre
337 |ainformatique|bc|2rdamedia/fre
338 |aressource en ligne|bcr|2rdacarrier/fre
500 |aPublié aussi en anglais sous le titre : Professional painters : important painting safety tips.
650 6|aPeinture industrielle|xSécurité|xMesures.
650 6|aPeinture industrielle|xAspect sanitaire.
7101 |aCanada. |bSanté Canada, |eorganisme de publication.
77508|tProfessional painters : |w(CaOODSP)9.913613
85640|qPDF|s1.35 Mo|uhttps://publications.gc.ca/collections/collection_2023/sc-hc/H114-48-2022-fra.pdf
8564 |qHTML|sS.O.|uhttps://www.canada.ca/fr/sante-canada/services/securite-produits-consommation/rapports-publications/pesticides-lutte-antiparasitaire/fiches-renseignements-autres-ressources/precautions-intention-peintres-professionnels.html
986 |a220326